Zaveshchanie Murova ; roman.

Bibliographic Details
Main Author: Krymov, Vl. (Vladimir), 1878-1968
Format: Book
Language:Russian
Published: N'i︠u︡-Ĭork : Russkiĭ knizhnyĭ magazin "Don", 1960.

MARC

Tag First Indicator Second Indicator Subfields
LEADER 00000cam a2200000I 4500
001 in00002002807
005 20151031131039.0
008 770413s1960 xx 000 0 rusr
010 |a  65074030  
035 |a (OCoLC)ocm02884524 
040 |a DLC  |c EAU  |d EAU  |d TXA  |d UtOrBLW 
049 |a TXAM 
050 0 |a PG3476.K78  |b Z19 
090 |a PG3476.K78  |b Z19 1960 
100 1 |a Krymov, Vl.  |q (Vladimir),  |d 1878-1968. 
245 1 0 |a Zaveshchanie Murova ;  |b roman. 
264 1 |a N'i︠u︡-Ĭork :  |b Russkiĭ knizhnyĭ magazin "Don",  |c 1960. 
300 |a 223 pages ;  |c 21 cm. 
336 |a text  |b txt  |2 rdacontent 
337 |a unmediated  |b n  |2 rdamedia 
338 |a volume  |b nc  |2 rdacarrier 
500 |a At head of title: Vl. Krymov. 
948 |a cataloged  |b h  |c 2004/11/8  |d c  |e tchubaryan  |f 10:51:13 am 
994 |a E0  |b TXA 
999 |a MARS 
999 f f |s d494db70-1df1-361b-9a4a-47bb26463bea  |i a6cde983-ee1b-3a2e-872d-6bdaa995f113  |t 0 
952 f f |p ric  |a Texas A&M University  |b Rellis Campus  |c Joint Library Facility  |d Remote Storage  |t 0  |e PG3476.K78 Z19 1960  |h Library of Congress classification  |i unmediated -- volume  |m A14832282782 
998 f f |a PG3476.K78 Z19 1960  |t 0  |l Remote Storage